| 000 | 00732nam a2200277Ia 4500 | ||
|---|---|---|---|
| 001 | Para_9309 | ||
| 003 | CHAP | ||
| 008 | 220125s2004 xx 000 0 und d | ||
| 010 | _a206661 | ||
| 040 | _cCHAP | ||
| 082 | _a634.55 M8 | ||
| 100 |
_aMuncharaz Pou, Manuel _979469 |
||
| 245 |
_aEl almendro. Manual técnico / _c por Manuel Muncharaz Pou |
||
| 260 |
_aMadrid : _b Mundi Prensa |
||
| 300 | _a414 p. | ||
| 503 | _aC/e (ej.1) \ C/e (ej.2) | ||
| 650 |
_aAlmendro _x enfermedades _94518 |
||
| 650 |
_aAlmendro _x plagas _94526 |
||
| 901 | _a634.55 M8 | ||
| 902 | _aM | ||
| 905 | _a0000002004 amn 0000000000 00 | ||
| 910 | _a2004 | ||
| 942 | _cPARA | ||
| 942 |
_cPARA _d1 |
||
| 999 |
_c206661 _d206661 |
||